Statistics for Words Containing bn

Click here to take the quiz!

General Stats

  • This quiz has been taken 22 times
  • The average score is 4 of 13

Answer Stats

HintAnswer% Correct
Mix socially with those of higher social statushobnob
60%
Deviating from the usualabnormal
55%
The state of being without sensation or without feeling painnumbness
55%
Situated under the nosesubnasal
45%
A thin, translucent plate at the top of the first digit of the handthumbnail
45%
Not meeting standards; below the expectedsubnormal
35%
Disgustingobnoxious
30%
Renounce or reject something valuableabnegate
25%
Glass decorated with blunt projectionshobnail
25%
British hazelnutcobnut
15%
A visible division of an IP networksubnet
10%
To darken, dim, or cover as with cloudsobnubilate
5%
A grey, sulfide mineral; antimonitestibnite
5%

Score Distribution

Percentile by Number Answered

Percent of People with Each Score

Your Score History

You have not taken this quiz